Artilheiros da Copa do Mundo FIFA por edição - Statistics

Estatísticas Gerais
  • Esse quiz foi jogado 180 vezes
  • A pontuação média é 14 de 30
Estatísticas das Respostas
Copa Seleção Gols Jogador % Correto
2002 Brasil 8 Ronaldo
99%
2018 Inglaterra 6 Harry Kane
98%
2014 Colombia 6 James Rodriguez
96%
2010 Uruguai 5 Diego Forlan
92%
1970 Alemanha 10 Gerd Müller
91%
Alemanha 5 Thomas Muller
91%
2006 Alemanha 5 Miroslav Klose
89%
Espanha 5 Davi Villa
83%
1962 Brasil 4 Garrincha
83%
1966 Portugal 9 Eusébio
78%
Holanda 5 Wesley Sneijder
64%
1982 Italia 6 Paolo Rossi
58%
1994 Bulgaria 6 Hristo Stoichkov
52%
1998 Croacia 6 Davor Suker
51%
1978 Argentina 6 Mario Kempes
51%
1958 França 13 Just Fontaine
46%
1938 Brasil 7 Leônidas da Silva
42%
Brasil 4 Vavá
41%
1950 Brasil 9 Ademir de Menezes
25%
1986 Inglaterra 6 Garry Lineker
25%
1974 Polônia 7 Grzegorz Lato
19%
1954 Hungria 11 Sándor Kocsis
19%
Russia 6 Oleg Salenko
13%
1930 Argentina 8 Guillermo Stábile
11%
1990 Italia 6 Salvatore Schillaci
7%
Hungria 4 Flórian Albert
5%
URSS 4 Valentin Ivanov
5%
Chile 4 Leonel Sánchez
4%
1934 Tchecoslováquia 5 Oldrich Nejedlý
3%
Iugoslávia 4 Drazan Jerkovic
1%
Nenhum quiz correspondente encontrado
Distribuição das Pontuações
Porcentagem de Pessoas com Cada Pontuação
Percentil de Números Respondidos
Sua Pontuação Histórica
Você não jogou esse quiz